Comunicación escrita: trabajos de investigación, tesis, artículos y ensayos (Registro nro. 5178)
[ vista simple ]
| 000 -CABECERA | |
|---|---|
| campo de control de longitud fija | 00772aam a2200289 4500 |
| 005 - FECHA Y HORA DE ACTUALIZACIÓN | |
| campo de control | 20230823131916.0 |
| 008 - LONGITUD FIJA | |
| campo de control de longitud fija | 150507s2010 xxu||||| |||| 00| 0 spa d |
| 020 ## - INTERNATIONAL STANDARD BOOK NUMBER | |
| Número Internacional Estándar del Libro | 9789968590013 |
| 041 ## - IDIOMA | |
| Código de idioma del texto/pista de sonido o título separado | Español |
| 082 ## - CLASIFICACIÓN DECIMAL DEWEY | |
| Número de clasificación | 461 P348c6 |
| 100 ## - AUTOR PERSONAL | |
| Nombre de persona | Pazos Jiménez, Ethel |
| 245 ## - TÍTULO PROPIAMENTE DICHO | |
| Título | Comunicación escrita: trabajos de investigación, tesis, artículos y ensayos |
| 250 ## - EDICIÓN | |
| Mención de edición | 6 edición |
| 260 ## - PIE DE IMPRENTA | |
| Lugar de publicación, distribución, etc. | Costa Rica |
| 260 ## - PIE DE IMPRENTA | |
| Nombre del editor, distribuidor, etc. | Editorial Secade |
| 260 ## - PIE DE IMPRENTA | |
| Fecha de publicación, distribución, etc. | 2010 |
| 300 ## - DESCRIPCIÓN FÍSICA | |
| Extensión | 195 páginas |
| 650 ## - Materia General | |
| Materia general | COMUNICACIÓN |
| 650 ## - Materia General | |
| Materia general | REDACCIÓN |
| 650 ## - Materia General | |
| Materia general | ESCRITOS TÉCNICOS |
| 650 ## - Materia General | |
| Materia general | CORRESPONDENCIA |
| 650 ## - Materia General | |
| Materia general | DOCUMENTOS EXPOSITIVOS |
| 650 ## - Materia General | |
| Materia general | ENSAYOS |
| 650 ## - Materia General | |
| Materia general | INFORMES |
| 650 ## - Materia General | |
| Materia general | SIGNOS DE PUNTUACIÓN |
| 942 ## - Punto de Acceso Adicional Koha | |
| Tipo de ítem Koha | Libro |
| Estado perdido | Estado dañado | No para préstamo | Biblioteca permanente | Biblioteca actual | Signatura completa | Código de barras | Precio efectivo a partir del | Tipo de ítem |
|---|---|---|---|---|---|---|---|---|
| Departamento de Biblioteca y Documentación Alfonso Chase Brenes | Departamento de Biblioteca y Documentación Alfonso Chase Brenes | 461 P348c6 | 14216 | 20/10/2016 | Libro | |||
| Departamento de Biblioteca y Documentación Alfonso Chase Brenes | Departamento de Biblioteca y Documentación Alfonso Chase Brenes | 461 P348c6 | 14217 | 20/10/2016 | Libro | |||
| Departamento de Biblioteca y Documentación Alfonso Chase Brenes | Departamento de Biblioteca y Documentación Alfonso Chase Brenes | 461 P348c6 | 14347 | 20/10/2016 | Libro | |||
| Departamento de Biblioteca y Documentación Alfonso Chase Brenes | Departamento de Biblioteca y Documentación Alfonso Chase Brenes | 461 P348c6 | 14348 | 20/10/2016 | Libro | |||
| Departamento de Biblioteca y Documentación Alfonso Chase Brenes | Departamento de Biblioteca y Documentación Alfonso Chase Brenes | 461 P348c6 | 14349 | 20/10/2016 | Libro |